| 000 | 00529pam a2200181 i 4500 | ||
|---|---|---|---|
| 999 |
_c250 _d250 |
||
| 020 | _a0060436158 | ||
| 050 | 0 | 0 |
_aQD31.2 _b.W66 |
| 100 | 1 | _aKeenan, Charles William. | |
| 245 | 1 | 0 |
_aGeneral college chemistry / _cCharles W. Keenan, Donald C. Kleinfelter, Jesse H. Wood. |
| 250 | _a6th ed. | ||
| 260 |
_aSan Francisco : _bHarper & Row, _cc1980. |
||
| 300 |
_axv, 880 p. : _bill. ; _c25 cm. |
||
| 500 | _aIncludes index. | ||
| 650 | 0 | _aChemistry. | |
| 700 | 1 | _aKleinfelter, Donald C., | |
| 700 | 1 | _aWood, Jesse Hermon, | |
| 942 | _cBK | ||